| 000 | 00496pab a2200169 454500 | ||
|---|---|---|---|
| 008 | 180718b2004 xxu||||| |||| 00| 0 eng d | ||
| 100 | _aPathak, Anil Anand | ||
| 245 | _aA study of managerial competence as a career anchor in relation to certain self-perceived abilities | ||
| 260 | _c2004 | ||
| 300 | _ap.431-42. | ||
| 362 | _aApr | ||
| 650 | _aManagement | ||
| 650 | _aOccupational choice | ||
| 700 | _aKulkarni, A.V. | ||
| 773 | _aIndian Journal of Industrial Relations | ||
| 909 | _a60854 | ||
| 999 |
_c60854 _d60854 |
||